00381nam a2200145Ia 4500008004100000020001500041041001200056082001600068100002000084245006500104260002500169300000900194650001600203700001600219221030s9999 xx 000 0 und d a0074624903 aEnglish a105.23bVen aK. R. Venugopal 0aProgramming With Pascal & Ccby K. R. Venugopal, H. S. Vimal bTMHaNew Delhic2002 a1015 aBE Computer aH. S. Vimal